Ireland (Record no. 959)

000 -LEADER
fixed length control field 00571nam a22002177a 4500
003 - CONTROL NUMBER IDENTIFIER
control field OSt
005 - DATE AND TIME OF LATEST TRANSACTION
control field 20210426111525.0
008 - FIXED-LENGTH DATA ELEMENTS--GENERAL INFORMATION
fixed length control field 210127s1995 ||||| |||| 00| 0 eng d
020 ## - INTERNATIONAL STANDARD BOOK NUMBER
International Standard Book Number 0789401886
040 ## - CATALOGING SOURCE
Original cataloging agency eng
Language of cataloging eng
Transcribing agency DLC
041 ## - LANGUAGE CODE
Language code of text/sound track or separate title eng
080 ## - UNIVERSAL DECIMAL CLASSIFICATION NUMBER
Universal Decimal Classification number 008
Item number G-38
100 ## - MAIN ENTRY--PERSONAL NAME
9 (RLIN) 693
Personal name Gerard-Sharp, Lisa
245 ## - TITLE STATEMENT
Title Ireland
Remainder of title : Eyewitness Travel Guides
Statement of responsibility, etc. / by: DK Publishing Inc
260 ## - PUBLICATION, DISTRIBUTION, ETC.
Place of publication, distribution, etc. New York
Name of publisher, distributor, etc. DK Publishing Inc
Date of publication, distribution, etc. 1995
300 ## - PHYSICAL DESCRIPTION
Extent 384 p.
Other physical details ill.
650 #0 - SUBJECT ADDED ENTRY--TOPICAL TERM
9 (RLIN) 493
Topical term or geographic name entry element Culture
653 ## - INDEX TERM--UNCONTROLLED
Uncontrolled term კულტურა
700 ## - ADDED ENTRY--PERSONAL NAME
9 (RLIN) 694
Personal name Perry, Tim
942 ## - ADDED ENTRY ELEMENTS (KOHA)
Source of classification or shelving scheme
Koha item type Books
Holdings
Withdrawn status Lost status Source of classification or shelving scheme Damaged status Not for loan Permanent location Current location Date acquired Inventory number Total Checkouts Full call number Barcode Date last seen Price effective from Koha item type
          Ken Walker International University Ken Walker International University 01/27/2021 2429   008 G-38 2429 01/27/2021 01/27/2021 Books

Powered by Koha